|
|
|
|
| LEADER |
00888nam a22002177a 4500 |
| 001 |
4789 |
| 003 |
BD-DhAAL |
| 005 |
20141206155048.0 |
| 008 |
141206s1989 bg ||||| |||| 00| 0 eng d |
| 040 |
|
|
|a BD-DhAAL
|c BD-DhAAL
|
| 082 |
|
|
|2 22
|a 630.68
|
| 245 |
|
|
|a Integrated farming system in Asia :
|b based on the regional workshop on integrated crop, livestock and fish farming system, Bangkok, 18-21 July 1988
|
| 260 |
|
|
|a Dhaka :
|b Centre on Integrated Rural Development for Asia and the Pacific,
|c 1989
|
| 300 |
|
|
|a 90 p. :
|c 23 cm.
|
| 490 |
0 |
|
|a CIRDAP study series No. 109
|
| 541 |
|
|
|e 4789
|
| 650 |
|
|
|a Agricultural systems
|z Asia
|9 6617
|
| 852 |
|
|
|a Ayesha Abed Library
|
| 942 |
|
|
|2 ddc
|c BK
|
| 999 |
|
|
|c 33238
|d 33238
|
| 952 |
|
|
|0 0
|1 0
|2 ddc
|4 0
|6 630_680000000000000_INT
|7 0
|9 44368
|a BRACUL
|b BRACUL
|c GEN
|d 2014-12-06
|g 0.00
|l 0
|o 630.68 INT
|p 3010004789
|r 2014-12-06
|t 1
|w 2014-12-06
|y BK
|z Not price in Register
|